Vật lý và công nghệ điện tử - tin học - viễn thông

Sách chọn lọc một số vấn đề cụ thể như lưu trữ thông tin, chế tạo máy tính, truyền tin, vật liệu điện tử mới...để giới thiệu lần lượt từng vấn đề từ cơ sở vật lý đến những chặng đường phát triển, thành tựu hiện nay và tri...

Full beskrivning

Sparad:
Bibliografiska uppgifter
Institutionell upphovsman: Bộ khoa học công nghệ và môi trường
Materialtyp: Bok
Språk:Undetermined
Publicerad: Hà Nội Bưu điện 2001
Ämnen:
Taggar: Lägg till en tagg
Inga taggar, Lägg till första taggen!
Thư viện lưu trữ: Trung tâm Học liệu Trường Đại học Cần Thơ
LEADER 01228nam a2200217Ia 4500
001 CTU_138643
008 210402s9999 xx 000 0 und d
020 |c 75000 
082 |a 621.3 
082 |b B450 
110 |a Bộ khoa học công nghệ và môi trường 
245 0 |a Vật lý và công nghệ điện tử - tin học - viễn thông 
245 0 |c Bộ khoa học công nghệ và môi trường ; Nguyễn Xuân Chánh, Nguyễn Hoàng Lương, Nguyễn Phú Thùy ( biên soạn ) 
260 |a Hà Nội 
260 |b Bưu điện 
260 |c 2001 
520 |a Sách chọn lọc một số vấn đề cụ thể như lưu trữ thông tin, chế tạo máy tính, truyền tin, vật liệu điện tử mới...để giới thiệu lần lượt từng vấn đề từ cơ sở vật lý đến những chặng đường phát triển, thành tựu hiện nay và triển vọng trong tương lai. 
650 |a Physics,Electricity,Vật lý 
650 |x Điện tử 
904 |i Trọng Hải 
980 |a Trung tâm Học liệu Trường Đại học Cần Thơ